[Event "CHI-chT"]
[Site "Santiago de Chile"]
[Date "2019.09.12"]
[Round "2.1"]
[White "Nunez, Cristopher"]
[Black "Velasquez Ojeda, Cesar"]
[Result "1-0"]
[WhiteElo "1986"]
[BlackElo "2105"]
[PlyCount "39"]
[EventDate "2019.09.05"]
[EventType "team-swiss"]
[EventRounds "9"]
[EventCountry "CHI"]
[SourceTitle "CBM 193 Extra"]
[Source "ChessBase"]
[SourceDate "2020.01.31"]
[SourceVersion "1"]
[SourceVersionDate "2020.01.31"]
[SourceQuality "1"]
[WhiteTeam "La Reina CC"]
[BlackTeam "Casablanca Tours"]
[WhiteTeamCountry "CHI"]
[BlackTeamCountry "CHI"]

1. e4 e5 2. d4 exd4 3. Qxd4 Nc6 4. Qe3 Nf6 5. Nc3 Bb4 6. Bd2 0-0 7. 0-0-0 Re8 8. Qg3 Ne5 9. f3 d6 10. h4 c6 11. a3 Ba5 12. h5 b5 13. Bh6 g6 14. Bg5 Bxc3 15. bxc3 Re6 16. Qh4 a5 17. f4 Neg4 18. e5 b4 19. hxg6 bxc3 20. exf6 1-0

[Event "CHI-ch sf"]
[Site "Santiago de Chile"]
[Date "2018.12.07"]
[Round "2.6"]
[White "Vergara Jofre, Felipe Andres"]
[Black "Nunez, Cristopher"]
[Result "1-0"]
[WhiteElo "2231"]
[BlackElo "1987"]
[PlyCount "71"]
[EventDate "2018.12.07"]
[EventType "swiss"]
[EventRounds "8"]
[EventCountry "CHI"]
[SourceTitle "EXT 2024"]
[Source "ChessBase"]
[SourceDate "2023.10.10"]
[SourceVersion "1"]
[SourceVersionDate "2023.10.10"]
[SourceQuality "1"]

1. e4 c5 2. Nf3 d6 3. d4 cxd4 4. Nxd4 Nf6 5. Nc3 g6 6. Be3 Bg7 7. f3 0-0 8. Qd2 Nc6 9. Bc4 Bd7 10. 0-0-0 Rb8 11. Bb3 Na5 12. h4 b5 13. h5 Nc4 14. Bxc4 bxc4 15. Kb1 Qb6 16. b3 cxb3 17. cxb3 Qb4 18. Bg5 Qc5 19. Bxf6 exf6 20. Nd5 Rfe8 21. Rc1 Qa3 22. Rc7 Be6 23. hxg6 hxg6 24. Ne7+ Rxe7 25. Rxe7 Bc4 26. Nc6 f5 27. e5 dxe5 28. Nxb8 Qxe7 29. bxc4 e4 30. Rd1 Bf6 31. Nd7 Bg5 32. Qd6 Qxd6 33. Rxd6 e3 34. Ne5 e2 35. Nd3 Bd2 36. Rd8+ 1-0

[Event "CHI-ch sf"]
[Site "Quilpue"]
[Date "2018.01.21"]
[Round "7"]
[White "Sepulveda Rojas, Jorge Moises"]
[Black "Nunez, Cristopher"]
[Result "1-0"]
[WhiteElo "2224"]
[BlackElo "2004"]
[PlyCount "47"]
[EventDate "2018.01.18"]
[EventType "swiss"]
[EventRounds "8"]
[EventCountry "CHI"]
[SourceTitle "CBM 182 Extra"]
[Source "ChessBase"]
[SourceDate "2018.02.23"]
[SourceVersion "1"]
[SourceVersionDate "2018.02.23"]
[SourceQuality "1"]

1. e4 c5 2. Nc3 a6 3. a4 d6 4. Bc4 Nf6 5. d3 g6 6. f4 Nc6 7. Nf3 Qc7 8. 0-0 Bg7 9. h3 0-0 10. Bd2 e6 11. Qe1 Nd4 12. f5 Nxf3+ 13. Rxf3 exf5 14. Qh4 h5 15. Raf1 Be6 16. exf5 Bxf5 17. Bg5 d5 18. Bxf6 dxc4 19. Bxg7 Kxg7 20. Rxf5 gxf5 21. Qg5+ Kh7 22. Qxh5+ Kg7 23. Qg5+ Kh7 24. Rf4 1-0

[Event "CHI-ch sf"]
[Site "Quilpue"]
[Date "2018.01.20"]
[Round "6"]
[White "Nunez, Cristopher"]
[Black "Tapia Fuentes, Jaime"]
[Result "0-1"]
[WhiteElo "2004"]
[BlackElo "2165"]
[PlyCount "96"]
[EventDate "2018.01.18"]
[EventType "swiss"]
[EventRounds "8"]
[EventCountry "CHI"]
[SourceTitle "CBM 182 Extra"]
[Source "ChessBase"]
[SourceDate "2018.02.23"]
[SourceVersion "1"]
[SourceVersionDate "2018.02.23"]
[SourceQuality "1"]

1. e4 c5 2. Nf3 d6 3. d4 cxd4 4. Nxd4 Nf6 5. Nc3 g6 6. Be3 Bg7 7. f3 Nc6 8. Qd2 0-0 9. g4 Bd7 10. 0-0-0 Rc8 11. h4 Ne5 12. h5 Qa5 13. Nb3 Qc7 14. Qf2 Nexg4 15. fxg4 Nxg4 16. Qd2 Bxc3 17. bxc3 Nxe3 18. Qxe3 Qxc3 19. Qxc3 Rxc3 20. Rd3 Rfc8 21. Rh2 Rxd3 22. Bxd3 Be6 23. Kb2 Kg7 24. Nd4 Bc4 25. Nf3 f6 26. Nh4 Bxd3 27. cxd3 e6 28. hxg6 hxg6 29. Rg2 g5 30. Nf3 Kf7 31. Nd4 Rg8 32. Nb5 f5 33. Nxd6+ Kf6 34. exf5 exf5 35. Rf2 f4 36. Kc3 Ke6 37. Nxb7 Rg7 38. Nc5+ Kf5 39. d4 g4 40. Nd3 f3 41. Ne5 Ke4 42. Rf1 Ke3 43. Re1+ Kf2 44. Nd3+ Kg2 45. Nf4+ Kh2 46. Rf1 Rf7 47. Nd3 g3 48. Ne5 g2 0-1

[Event "CHI-ch sf"]
[Site "Quilpue"]
[Date "2018.01.19"]
[Round "4"]
[White "Vergara Rozas, Jose Francisco"]
[Black "Nunez, Cristopher"]
[Result "0-1"]
[WhiteElo "2136"]
[BlackElo "2004"]
[PlyCount "78"]
[EventDate "2018.01.18"]
[EventType "swiss"]
[EventRounds "8"]
[EventCountry "CHI"]
[SourceTitle "CBM 182 Extra"]
[Source "ChessBase"]
[SourceDate "2018.02.23"]
[SourceVersion "1"]
[SourceVersionDate "2018.02.23"]
[SourceQuality "1"]

1. e4 c5 2. Nf3 d6 3. Bb5+ Nd7 4. 0-0 a6 5. Bxd7+ Qxd7 6. d4 cxd4 7. Nxd4 Nf6 8. Qe2 b5 9. a4 bxa4 10. c4 Qb7 11. Nc3 e6 12. Rxa4 Bd7 13. Ra3 Be7 14. Bg5 0-0 15. Rfa1 h6 16. Bc1 e5 17. Rb3 Qc7 18. Nc2 Rfc8 19. Ne3 Be6 20. Ned5 Nxd5 21. cxd5 Bd7 22. Rxa6 Rab8 23. Rxb8 Rxb8 24. Be3 Qxc3 25. h3 Qc8 26. Ra7 Ra8 27. Rxa8 Qxa8 28. Qc2 Qc8 29. Qb3 f5 30. exf5 Bxf5 31. Qb5 Bd7 32. Qb6 Qd8 33. Qb7 Qc8 34. Qb6 Kf7 35. b4 Qc4 36. Qb7 Qb5 37. Qa7 Bf5 38. Bc5 dxc5 39. d6 Qd7 0-1

[Event "Santiago Club Nunoa 1st"]
[Site "Santiago de Chile"]
[Date "2017.04.28"]
[Round "1.1"]
[White "Nunez, Cristopher"]
[Black "Escudero Donoso, Felipe"]
[Result "0-1"]
[WhiteElo "2001"]
[BlackElo "2156"]
[PlyCount "72"]
[EventDate "2017.04.28"]
[EventType "tourn"]
[EventRounds "7"]
[EventCountry "CHI"]
[SourceTitle "EXT 2024"]
[Source "ChessBase"]
[SourceDate "2023.10.10"]
[SourceVersion "1"]
[SourceVersionDate "2023.10.10"]
[SourceQuality "1"]

1. e4 c5 2. Nf3 Nc6 3. Nc3 Nf6 4. h3 d5 5. exd5 Nxd5 6. Be2 g6 7. 0-0 Bg7 8. Ne4 b6 9. Bb5 Bd7 10. c3 0-0 11. Ba4 Qc7 12. d3 Rad8 13. Bg5 Bf5 14. Ng3 Be6 15. Qd2 Ne5 16. Nxe5 Bxe5 17. f4 Bg7 18. f5 Qxg3 19. fxe6 Be5 20. exf7+ Kh8 21. Rf3 Qh2+ 22. Kf2 Bg3+ 23. Rxg3 Rxf7+ 24. Rf3 Rxf3+ 25. Kxf3 Rf8+ 26. Kg4 h5+ 27. Kh4 Rf4+ 28. Bxf4 Nxf4 29. Rd1 Nxg2+ 30. Kg5 Qe5+ 31. Kh6 Nf4 32. Qxf4 Qxf4+ 33. Kxg6 Qxa4 34. Re1 Qc6+ 35. Kf7 Qf6+ 36. Ke8 e5 0-1

[Event "San Fernando U2300"]
[Site "San Fernando"]
[Date "2017.01.27"]
[Round "1.9"]
[White "Gutierrez Montes, Sebastian"]
[Black "Nunez, Cristopher"]
[Result "1-0"]
[WhiteElo "2182"]
[BlackElo "2029"]
[PlyCount "125"]
[EventDate "2017.01.27"]
[EventType "swiss"]
[EventRounds "6"]
[EventCountry "CHI"]
[SourceTitle "EXT 2024"]
[Source "ChessBase"]
[SourceDate "2023.10.10"]
[SourceVersion "1"]
[SourceVersionDate "2023.10.10"]
[SourceQuality "1"]

1. e4 c5 2. d4 cxd4 3. Nf3 d6 4. Nxd4 Nf6 5. Nc3 g6 6. Be3 Bg7 7. f3 0-0 8. Qd2 Nc6 9. g4 Bd7 10. 0-0-0 Ne5 11. h4 b5 12. Bh6 Bh8 13. h5 Nc4 14. Bxc4 bxc4 15. hxg6 fxg6 16. Qg5 Rf7 17. e5 dxe5 18. Nc6 Qb6 19. Nxe5 Be6 20. Qe3 Qb7 21. Nxf7 Bxf7 22. Bf4 Nd5 23. Rxd5 Bxd5 24. Be5 Bxe5 25. Qxe5 Bf7 26. Qh2 h5 27. gxh5 gxh5 28. Qe5 Qb6 29. Nd5 Qh6+ 30. f4 Re8 31. Rg1+ Kf8 32. Ne3 Qf6 33. Qe4 c3 34. b3 Qd6 35. Qh7 Qa3+ 36. Kd1 Rd8+ 37. Ke2 Qa6+ 38. Kf3 Qf6 39. Qf5 Bd5+ 40. Kg3 Qxf5 41. Nxf5 Be4 42. Ne3 Rd2 43. Re1 Bxc2 44. Rc1 Bg6 45. Rxc3 Rxa2 46. Rc8+ Kg7 47. Rc7 Kf6 48. Nd5+ Ke6 49. Nxe7 Be8 50. Nc8 Bb5 51. Nxa7 Be2 52. Nc8 Rb2 53. Rc3 Bg4 54. Nb6 Rb1 55. Re3+ Kd6 56. Nc4+ Kc5 57. Ne5 Bd1 58. Kh4 Rxb3 59. Re1 Bf3 60. f5 Rb4+ 61. Kg5 Be4 62. f6 Bd5 63. f7 1-0

[Event "CHI-ch sf"]
[Site "Quilpue"]
[Date "2016.12.17"]
[Round "6"]
[White "Lopez Silva, Hugo Andres"]
[Black "Nunez, Cristopher"]
[Result "1-0"]
[WhiteElo "2422"]
[BlackElo "1991"]
[PlyCount "137"]
[EventDate "2016.12.14"]
[EventType "swiss"]
[EventRounds "8"]
[EventCountry "CHI"]
[SourceTitle "EXT 2018"]
[Source "ChessBase"]
[SourceDate "2017.10.13"]
[SourceVersion "1"]
[SourceVersionDate "2017.10.13"]
[SourceQuality "1"]

1. e4 c5 2. Nf3 d6 3. d4 cxd4 4. Nxd4 Nf6 5. Nc3 g6 6. Be3 Bg7 7. f3 0-0 8. Qd2 Nc6 9. 0-0-0 d5 10. Qe1 e5 11. Nxc6 bxc6 12. exd5 Nxd5 13. Bc4 Be6 14. Ne4 Qb8 15. Bc5 Rd8 16. Qh4 h6 17. Bxd5 cxd5 18. Nf6+ Bxf6 19. Qxf6 d4 20. Be7 Rd7 21. Rhe1 Qc7 22. Ba3 Rc8 23. Rd2 Rd5 24. f4 Bf5 25. Rxe5 Rxe5 26. Qxe5 Qc4 27. b3 Qc3 28. Bb2 Qe3 29. Qxe3 dxe3 30. Re2 Bd3 31. Rxe3 Rxc2+ 32. Kd1 Rxb2 33. Rxd3 Rxa2 34. Rd2 Ra1+ 35. Kc2 Kg7 36. Kb2 Re1 37. Kc3 Kf6 38. Kb4 Re7 39. g3 Kf5 40. h3 Rb7+ 41. Ka4 Ke4 42. b4 Ke3 43. Rc2 Kd3 44. Rc5 Ke3 45. f5 Kf3 46. g4 Kg3 47. Rc3+ Kh4 48. fxg6 fxg6 49. Ka5 Rg7 50. Ka6 h5 51. gxh5 Kxh5 52. Rc4 Kg5 53. b5 Rf7 54. Rg4+ Kh5 55. Rc4 Kg5 56. Rc8 Kh6 57. Rh8+ Kg5 58. Ra8 Kh4 59. Rxa7 Rf6+ 60. Ka5 Kxh3 61. Ra6 Rf1 62. Rxg6 Ra1+ 63. Kb6 Kh4 64. Kc7 Ra7+ 65. Kb8 Ra5 66. b6 Rf5 67. b7 Kh5 68. Ra6 Rf8+ 69. Ka7 1-0

[Event "Santiago Torneo de Invierno"]
[Site "Santiago de Chile"]
[Date "2015.09.08"]
[Round "9.3"]
[White "Soto Lagos, Alejandro"]
[Black "Nunez, Cristopher"]
[Result "0-1"]
[WhiteElo "1742"]
[BlackElo "1938"]
[PlyCount "58"]
[EventDate "2015.07.14"]
[EventType "tourn"]
[EventRounds "9"]
[EventCountry "CHI"]
[SourceTitle "EXT 2024"]
[Source "ChessBase"]
[SourceDate "2023.10.10"]
[SourceVersion "1"]
[SourceVersionDate "2023.10.10"]
[SourceQuality "1"]

1. c4 e5 2. Nc3 f5 3. d3 Nf6 4. g3 Be7 5. Bg2 0-0 6. e3 c6 7. Nge2 Na6 8. 0-0 d5 9. b3 Nc7 10. Bb2 Be6 11. Rb1 Qd7 12. Qc1 g5 13. f4 exf4 14. exf4 dxc4 15. fxg5 Ng4 16. d4 Qd8 17. h4 cxb3 18. a4 Bc4 19. Qd2 h6 20. gxh6 Ne6 21. Nd1 Bxh4 22. Nf4 Nxf4 23. Qxf4 Bg5 24. h7+ Kxh7 25. Qf3 Qd6 26. Re1 Qh6 27. Qxg4 fxg4 28. Be4+ Kg8 29. Nf2 Rxf2 0-1

[Event "Santiago Torneo de Invierno"]
[Site "Santiago de Chile"]
[Date "2015.07.14"]
[Round "1.3"]
[White "Nunez, Cristopher"]
[Black "Ponce Migone, Angel"]
[Result "1-0"]
[WhiteElo "1938"]
[BlackElo "1733"]
[PlyCount "93"]
[EventDate "2015.07.14"]
[EventType "tourn"]
[EventRounds "9"]
[EventCountry "CHI"]
[SourceTitle "EXT 2024"]
[Source "ChessBase"]
[SourceDate "2023.10.10"]
[SourceVersion "1"]
[SourceVersionDate "2023.10.10"]
[SourceQuality "1"]

1. e4 e5 2. d4 exd4 3. Qxd4 Nc6 4. Qe3 Nf6 5. Nc3 Bb4 6. Bd2 0-0 7. 0-0-0 Re8 8. Qg3 Rxe4 9. a3 Bd6 10. f4 Re8 11. Bc4 a6 12. Nf3 b5 13. Bb3 b4 14. Ng5 Rf8 15. Nd5 Nd4 16. Qh4 Nxb3+ 17. cxb3 h6 18. Nxb4 hxg5 19. fxg5 Nh7 20. Qh5 Bb7 21. Rhf1 Be4 22. Qg4 f5 23. gxf6 Nxf6 24. Rxf6 Qxf6 25. Qxe4 a5 26. Nd5 Qf5 27. Qc4 Qf7 28. Qd4 c6 29. Nb6 Qf6 30. Qxf6 gxf6 31. Nxa8 Rxa8 32. Bxa5 Bxa3 33. Bc3 Bc5 34. Rxd7 Ra1+ 35. Kc2 Be3 36. Rc7 c5 37. Bxf6 Rg1 38. Rg7+ Kf8 39. h4 Rf1 40. Bc3 Rh1 41. Rg4 Rf1 42. Kd3 Bc1 43. Rg3 Rf4 44. Rh3 Rg4 45. h5 Rxg2 46. h6 Kg8 47. h7+ 1-0

[Event "CHI-chT"]
[Site "Santiago de Chile"]
[Date "2012.12.11"]
[Round "6"]
[White "Nunez, Cristopher"]
[Black "Toro Benaderet, Cristian"]
[Result "0-1"]
[WhiteElo "1900"]
[BlackElo "1868"]
[PlyCount "88"]
[EventDate "2012.11.22"]
[EventType "team-tourn"]
[EventRounds "9"]
[EventCountry "CHI"]
[SourceTitle "EXT 2014"]
[Source "ChessBase"]
[SourceDate "2013.11.20"]
[SourceVersion "1"]
[SourceVersionDate "2013.11.20"]
[SourceQuality "1"]

1. e4 e6 2. d3 b6 3. g3 Bb7 4. Bg2 f5 5. Bf4 Nf6 6. Nd2 d6 7. Qe2 Nc6 8. Nh3 h6 9. Nb3 e5 10. Bd2 a5 11. 0-0 a4 12. Nc1 Nd4 13. Qd1 fxe4 14. dxe4 Qd7 15. c3 Ne6 16. f3 Be7 17. Nf2 Ng5 18. Re1 0-0 19. Ncd3 Nfh7 20. f4 exf4 21. gxf4 Nf7 22. e5 Bxg2 23. e6 Qc6 24. exf7+ Rxf7 25. Qg4 Bf3 26. Qg3 Raf8 27. Re3 Bh5 28. Rae1 Qd7 29. Nb4 Nf6 30. f5 c5 31. Nbd3 Nd5 32. Re6 Rxf5 33. c4 Bg5 34. cxd5 Bxd2 35. Re7 Qxe7 36. Rxe7 Rg5 37. Rd7 c4 38. Ne4 Be3+ 39. Ndf2 Rxg3+ 40. hxg3 Bf3 41. Kh2 Rf5 42. Rd8+ Kh7 43. Rd7 Rh5+ 44. Nh3 Bxe4 0-1

[Event "Santiago de Chile Nunoa CC IRT 2"]
[Site "Santiago de Chile"]
[Date "2012.07.23"]
[Round "7"]
[White "Leiva Landabur, Francisco"]
[Black "Nunez, Cristopher"]
[Result "0-1"]
[WhiteElo "1949"]
[BlackElo "1897"]
[PlyCount "86"]
[EventDate "2012.07.03"]
[EventType "tourn"]
[EventRounds "7"]
[EventCountry "CHI"]
[SourceTitle "EXT 2024"]
[Source "ChessBase"]
[SourceDate "2023.10.10"]
[SourceVersion "1"]
[SourceVersionDate "2023.10.10"]
[SourceQuality "1"]

1. e4 c5 2. Nc3 Nc6 3. f4 g6 4. Nf3 Bg7 5. Bc4 e6 6. a3 Nge7 7. Ba2 d6 8. d3 a6 9. 0-0 b5 10. Ne2 Bb7 11. Ng5 h6 12. Nf3 Qb6 13. Kh1 a5 14. Rb1 0-0 15. Qe1 d5 16. e5 d4 17. Ng3 Nf5 18. Ne4 Nce7 19. g4 Ne3 20. Bxe3 dxe3 21. Qxe3 Rfc8 22. Nd6 Rc7 23. Nxb7 Qxb7 24. Rbd1 b4 25. a4 Qc6 26. Qe4 Nd5 27. f5 Kh7 28. fxg6+ fxg6 29. Rde1 Rf8 30. Kg1 Rcf7 31. h4 Rf4 32. Bxd5 exd5 33. Qe2 Rxg4+ 34. Kh2 Qe6 35. Rg1 Rgf4 36. Rg3 Qf5 37. e6 Re8 38. b3 Bc3 39. Rf1 Rxe6 40. Qg2 Bf6 41. Kg1 Bd8 42. Qf2 c4 43. d4 Bf6 0-1

[Event "Santiago de Chile Nunoa CC IRT 2"]
[Site "Santiago de Chile"]
[Date "2012.07.03"]
[Round "1"]
[White "Nunez, Cristopher"]
[Black "Recabarren Gajardo, Gonzalo Ivan"]
[Result "0-1"]
[WhiteElo "1897"]
[BlackElo "1940"]
[PlyCount "76"]
[EventDate "2012.07.03"]
[EventType "tourn"]
[EventRounds "7"]
[EventCountry "CHI"]
[SourceTitle "EXT 2024"]
[Source "ChessBase"]
[SourceDate "2023.10.10"]
[SourceVersion "1"]
[SourceVersionDate "2023.10.10"]
[SourceQuality "1"]

1. e4 e6 2. d3 d5 3. Nd2 c5 4. g3 Nc6 5. Bg2 Nge7 6. Ne2 g6 7. 0-0 Bg7 8. h3 a5 9. f4 h5 10. c3 b6 11. e5 Ba6 12. Nf3 Rc8 13. Be3 Nf5 14. Bf2 Qd7 15. d4 cxd4 16. cxd4 Nb4 17. Ne1 Rc7 18. a3 Nc6 19. Nf3 0-0 20. Qd2 a4 21. Rfc1 Rfc8 22. Rc3 Bc4 23. Re1 Na5 24. Nc1 Qb5 25. Kh2 Bb3 26. Bf1 Nc4 27. Qe2 Qa5 28. g4 hxg4 29. hxg4 Nh6 30. Ng5 Nxa3 31. Rxc7 Rxc7 32. Qf3 Rc2 33. Nd3 Rxf2+ 34. Nxf2 Qxe1 35. Bd3 Qxf2+ 36. Qxf2 Nxg4+ 37. Kg3 Nxf2 38. Kxf2 Nc4 0-1

[Event "Santiago-ch sf"]
[Site "Santiago de Chile"]
[Date "2012.01.21"]
[Round "1.1"]
[White "Henriquez Villagra, Cristobal"]
[Black "Nunez, Cristopher"]
[Result "1-0"]
[WhiteElo "2317"]
[BlackElo "1950"]
[PlyCount "83"]
[EventDate "2012.01.21"]
[EventType "swiss"]
[EventRounds "9"]
[EventCountry "CHI"]
[SourceTitle "EXT 2024"]
[Source "ChessBase"]
[SourceDate "2023.10.10"]
[SourceVersion "1"]
[SourceVersionDate "2023.10.10"]
[SourceQuality "1"]

1. e4 c5 2. Nf3 d6 3. d4 cxd4 4. Nxd4 Nf6 5. Nc3 g6 6. Be3 Bg7 7. h3 0-0 8. Bc4 Nc6 9. Bb3 Bd7 10. 0-0 Qa5 11. f4 Rac8 12. Qf3 Nh5 13. Nde2 Be6 14. Rfd1 a6 15. g4 Nf6 16. Nd5 Nd7 17. c3 Qd8 18. Qf2 Na5 19. Bd4 Nxb3 20. axb3 f6 21. f5 Bf7 22. b4 g5 23. Ra5 Ne5 24. Bxe5 fxe5 25. Qe3 Bf6 26. b3 Kg7 27. h4 h6 28. h5 Rc6 29. c4 Qb8 30. Nec3 Rfc8 31. Rda1 Bxd5 32. exd5 R6c7 33. Ne4 b5 34. c5 dxc5 35. bxc5 Rd7 36. d6 exd6 37. Rxa6 Bd8 38. Nxd6 Bf6 39. Nxc8 Qxc8 40. Ra7 Qc6 41. R1a6 Qd5 42. Rd6 1-0